Truyện hậu cung

में बचाया:
ग्रंथसूची विवरण
मुख्य लेखक: HƯỚNG TƯ
स्वरूप: पुस्तक
भाषा:Undetermined
प्रकाशित: VHTT 2002
टैग : टैग जोड़ें
कोई टैग नहीं, इस रिकॉर्ड को टैग करने वाले पहले व्यक्ति बनें!
Thư viện lưu trữ: Trung tâm Học liệu Trường Đại học Cần Thơ
LEADER 00409nam a2200145Ia 4500
001 CTU_48733
008 210402s9999 xx 000 0 und d
082 |a 895.13081 
082 |b H561 
100 |a HƯỚNG TƯ 
245 0 |a Truyện hậu cung 
245 0 |c HƯỚNG TƯ, Tạ Ngọc Ái ...[et al.] 
260 |b VHTT 
260 |c 2002 
980 |a Trung tâm Học liệu Trường Đại học Cần Thơ